| 000 | 01214nam a2200313 c 4500 | ||
|---|---|---|---|
| 999 |
_c343223 _d343223 |
||
| 003 | BLK | ||
| 005 | 20191007115957.0 | ||
| 008 | 180911b bul|||||r ||||||| ||bul|| | ||
| 010 | _a002884 | ||
| 040 | _aBLK | ||
| 041 |
_aBUL _cBUL |
||
| 080 | _z808.1(470)398(470) | ||
| 100 | 1 |
_aЯКОБСОН, Р. и др. _eпърви автор _9399234 |
|
| 245 | 0 | 0 | _aСлавянская филология в России за годы и революции |
| 260 |
_aБерлин _b"ОПОЯЗ" _c1923 _fБерлин : Типогр. Куммер и Ко |
||
| 300 |
_a63 с _c22 см |
||
| 380 | _a80 | ||
| 490 |
_aЧастна колекция - Академик Михаил Арнаудов _gДарение - Основен фонд |
||
| 500 | _aМихаил Арнаудов: негови-книганегови-лист. - Михаил Арнаудов: подпис. - Подчертавания в текста. - Отбелязва място в книгата : с. 53. | ||
| 650 | 4 |
_aЕтнология _9155182 |
|
| 650 |
_aФолклор _9175904 |
||
| 655 |
_aЕзикознание _9396452 |
||
| 700 | 1 |
_aР. Якобсон _9399235 |
|
| 700 | 1 |
_a П. Богатырев _9399236 |
|
| 852 | _aМА 2833 | ||
| 942 |
_cKNG _n0 _s1 |
||
| 944 |
_aCR _c1994 |
||
| 999 | _d343223 | ||
| 999 | _d343223 | ||